000 01009cam a2200217 4500
001 WB3719-10
008 000000n2001 000 0 eng u
035 _a(Sirsi) u112581
245 _aEdict on noise attacked
260 _c2001
490 _aConstruction News
_v(6715) 10 May 2001, 20(1)
520 _aThe Construction Products Association (CPA) has warned the DETR that revisions to the building regulations may hinder innovation. It has urged the DETR to rewrite the recent proposed amendment to Part E - Resistance to the Passage of Sound - to ensure the guidance notes are not taken to be requirements. It suggests the guidance section may prevent developers using particular materials, for fear of breaking the regulations.
590 _aWB
650 _aDETR
650 _aCONSTRUCTION PRODUCTS ASSOCIATION
650 _aBUILDING REGULATIONS PART E
650 _aNOISE
650 _aBUILT ENVIRONMENT-BUILDING MATERIALS
690 _aBUILT ENVIRONMENT-BUILDING STANDARDS
942 _n0
999 _c67008
_d67008